000 00203 a2200097 4500
001 52550
100 _aAsimov Isaac
245 _aNight Fall Two
260 _aLondon
_bGranada
_c
090 _c33037
_d33037
942 _aNUST-CAE
_cM
_c25600
999 _c287623
_d287623